[Event "Rostock  PSV op 03rd"]
[Site "Rostock"]
[Date "2003.08.30"]
[Round "6"]
[White "Krueger, Alexander"]
[Black "Oelke, Bernd"]
[Result "1/2-1/2"]
[WhiteElo "1640"]
[BlackElo "1826"]
[PlyCount "76"]
[EventDate "2003.08.28"]
[EventType "swiss"]
[EventRounds "7"]
[EventCountry "GER"]
[SourceTitle "EXT 2009"]
[Source "ChessBase"]
[SourceDate "2008.11.26"]
[SourceVersion "1"]
[SourceVersionDate "2008.11.26"]
[SourceQuality "1"]

1. e4 c6 2. d4 d5 3. Nc3 dxe4 4. Nxe4 Bf5 5. Ng3 Bg6 6. Nf3 e6 7. Bd3 Bxd3 8. Qxd3 Nf6 9. Bg5 Nbd7 10. 0-0 Be7 11. c4 0-0 12. Rad1 Qc7 13. Rfe1 h6 14. Bc1 Rfe8 15. Nd2 Rad8 16. Nde4 Nxe4 17. Nxe4 Nf6 18. Nc3 a6 19. Qf3 b5 20. c5 b4 21. Bf4 Qa5 22. Ne4 Nxe4 23. Qxe4 Rd5 24. Ra1 Bf6 25. Red1 Red8 26. Bd6 Qb5 27. b3 a5 28. f4 a4 29. h3 Ra8 30. Kh2 axb3 31. axb3 Ra3 32. Be5 Bxe5 33. fxe5 Qa6 34. Rab1 Qb7 35. Rb2 Qd7 36. Rbb1 Qc7 37. Kg1 Qe7 38. Qe1 Qb7 1/2-1/2

[Event "Mecklenburg VP LL2 West 0203"]
[Site "Mecklenburg VP"]
[Date "2003.01.26"]
[Round "5.2"]
[White "Krueger, Alexander"]
[Black "Feige, Rene"]
[Result "1/2-1/2"]
[WhiteElo "1536"]
[BlackElo "1790"]
[PlyCount "111"]
[EventDate "2002.10.20"]
[EventType "team-tourn"]
[EventRounds "9"]
[EventCountry "GER"]
[SourceTitle "EXT 2022"]
[Source "ChessBase"]
[SourceDate "2021.10.06"]
[SourceVersion "1"]
[SourceVersionDate "2021.10.06"]
[SourceQuality "1"]
[WhiteTeam "Warnemuende SF Ostsee II"]
[BlackTeam "Schwerin SV Einheit II"]
[WhiteTeamCountry "GER"]
[BlackTeamCountry "GER"]

1. e4 Nf6 2. Nc3 e5 3. Nf3 Nc6 4. Bc4 Bb4 5. d3 0-0 6. 0-0 d6 7. Bg5 Bxc3 8. bxc3 Bg4 9. Kh1 h6 10. Be3 Qd7 11. Qd2 Kh7 12. Rab1 Na5 13. Bb3 Nh5 14. Ng1 Nxb3 15. axb3 Be6 16. f4 exf4 17. Bxf4 f5 18. exf5 Rxf5 19. Ne2 Bd5 20. c4 Bc6 21. d4 Be4 22. Ng3 Nxg3+ 23. Bxg3 Raf8 24. Kg1 Rxf1+ 25. Rxf1 Rxf1+ 26. Kxf1 Qf5+ 27. Qf2 Bxc2 28. Qxf5+ Bxf5 29. Ke2 Be4 30. Kf2 Kg6 31. c5 dxc5 32. dxc5 c6 33. Be5 Kf7 34. g3 g6 35. Ke3 Bf5 36. Bb8 a6 37. h4 Bc2 38. b4 Kf6 39. Bd6 Ke6 40. Bf8 h5 41. Bg7 Kd5 42. Bc3 Kc4 43. Be1 a5 44. bxa5 Kxc5 45. Kd2 Ba4 46. Kc3 Kb5 47. Kd3 c5 48. Bd2 Bb3 49. Be1 c4+ 50. Kd4 Bc2 51. Bd2 Bd3 52. Be1 Ka4 53. Bd2 Kb3 54. Be1 Kc2 55. Bb4 Kd1 56. Kc3 1/2-1/2